|
|
|
|
| LEADER |
00000nam0a2200000 4500 |
| 001 |
205520 |
| 005 |
20231031190458.0 |
| 010 |
|
|
|a 5247019318
|
| 020 |
|
|
|a RU
|b 91-30233
|
| 035 |
|
|
|a (RuTPU)RU\TPU\book\223989
|
| 090 |
|
|
|a 205520
|
| 100 |
|
|
|a 20111210d1991 km y0rusy5003 ca
|
| 101 |
0 |
|
|a rus
|
| 102 |
|
|
|a RU
|
| 105 |
|
|
|a a z 001zy
|
| 200 |
1 |
|
|a Спектральный анализ в гравиразведке и магниторазведке
|f С. А. Серкеров
|
| 210 |
|
|
|a Москва
|c Недра
|d 1991
|
| 215 |
|
|
|a 278,[1] с.
|c ил.
|
| 320 |
|
|
|a Библиогр.: с. 271-272 (35 назв.).
|
| 320 |
|
|
|a Предм. указ.: с. 273-277.
|
| 610 |
1 |
|
|a спектральный анализ
|
| 610 |
1 |
|
|a гравиметрическая разведка
|
| 610 |
1 |
|
|a магнитометрическая разведка
|
| 610 |
1 |
|
|a геология
|
| 610 |
1 |
|
|a геологоразведочные работы
|
| 610 |
1 |
|
|a аномалии
|
| 610 |
1 |
|
|a интерпретация данных
|
| 610 |
1 |
|
|a гравитационные аномалии
|
| 610 |
1 |
|
|a преобразования Фурье
|
| 610 |
1 |
|
|a геофизическая разведка
|
| 675 |
|
|
|a 550.83
|z rus
|
| 686 |
|
|
|a 38.57
|2 rugasnti
|
| 700 |
|
1 |
|a Серкеров
|b С. А.
|g Серкер Акберович
|4 070
|
| 801 |
|
0 |
|a RU
|b RuMRKP
|c 19950417
|g psbo
|
| 801 |
|
1 |
|a RU
|b 63413507
|c 20111210
|
| 801 |
|
2 |
|a RU
|b 63413507
|c 20111219
|g RCR
|
| 942 |
|
|
|c BK
|